MDQL
is popping MORE tags! Check the
thread
!
Quizzes
Events
Quiz Creation
Community
Videos
Private Events
Remove Ads
Sign In
Join for FREE
Feedback
Dark Mode
Quiz Categories
Sports
Geography
Music
Movies
Television
Just For Fun
Miscellaneous
History
Literature
Language
Science
Gaming
Entertainment
Religion
Holiday
For Kids
Quiz Lab
Recent
Popular Today
Quiz Kudos Today
Editor Picks
Curator Picks
Quizzes by...
Day
Popularity
Type
Ratings
Length
Year
Community
Subscriptions
Recent Discussions
Orange Saloon
Badges
Playlists
Quests
Create
Leaderboards
Showdown
Live 5
Trivia Bingo
Activity
Puzzle Library
Sporcle Events
Private Events
Virtual Trivia
Globe League
Become a Host
Pub Owners
SporcleCon
Opinionation
Our Games
Videos
Blog
Mobile Apps
Partnerships
Remove Ads and Go Orange
Feedback
Sports
Athletes
MLB
NBA
NHL
NFL
Soccer
Sports Teams
WWE
NCAA
Football
Premier League
Basketball
Baseball
Hockey
Golf
Tennis
Cricket
Rugby
Auto Racing
Olympics
World Cup
Sports
Athletes
MLB
NBA
NHL
NFL
Soccer
Sports Teams
WWE
NCAA
Football
Premier League
Basketball
Baseball
Hockey
Golf
Tennis
Cricket
Rugby
Auto Racing
Olympics
World Cup
Random Quiz
Search Sporcle
×
Quiz Lab
Quiz Lab
Sports
Soccer
Type in answers that appear in a list
Type in answers that appear in a list
Classic
Best Score? Go Orange.
Top 5 EPL Goalscorers by Starting Letter Stats
Can you name the Top 5 EPL Goalscorers whose surnames start with each letter of the alphabet?*
By
heusie
20m
129 Questions
585 Plays
585 Plays
585 Plays
Comments
Comments
Give Quiz Kudos
Give Quiz Kudos
-
- Ratings
hide this ad
More Info
Replay
Link that replays current quiz
Next Quiz
Link to next quiz in quiz playlist
You Got
0%
They Got
Avg Score
48%
Avg Friend Score
Upgrade to see
Score Distribution
Jump to the score distribution portion of the page
Score
0/129
Timer
20:00
0
Plays Today
Initial
Player
% Correct
S
Alan Shearer
93%
C
Andy Cole
91.6%
L
Frank Lampard
90.6%
R
Wayne Rooney
90.3%
H
Thierry Henry
89.1%
G
Steven Gerrard
88.4%
A
Sergio Agüero
88%
V
Robin van Persie
86.8%
D
Didier Drogba
86.2%
F
Robbie Fowler
85.1%
O
Michael Owen
85.1%
V
Ruud van Nistelrooy
85%
D
Jermain Defoe
82.4%
G
Ryan Giggs
82.2%
K
Harry Kane
80.5%
S
Paul Scholes
80.2%
Y
Dwight Yorke
80%
S
Teddy Sheringham
79.8%
B
Darren Bent
79.1%
C
Peter Crouch
77.9%
B
Dennis Bergkamp
77.3%
K
Robbie Keane
76.9%
W
Ian Wright
76.2%
F
Les Ferdinand
75.9%
A
Nicolas Anelka
74.9%
T
Fernando Torres
73.7%
R
Cristiano Ronaldo
73.3%
Z
Gianfranco Zola
71.6%
H
Emile Heskey
69.6%
H
Jimmy Floyd Hasselbaink
68.7%
B
Dimitar Berbatov
68.4%
S
Mohamed Salah
68.4%
J
Kenwyne Jones
67.6%
A
Emmanuel Adebayor
67.2%
L
Romelu Lukaku
67.2%
T
Carlos Tévez
66.8%
J
Andrew Johnson
66.2%
P
Kevin Phillips
65%
Q
Niall Quinn
64.6%
Q
Mick Quinn
64.6%
Q
Alan Quinn, Stephen Quinn
64.6%
L
Matthew Le Tissier
64.4%
V
Jamie Vardy
63.2%
Initial
Player
% Correct
J
Gabriel Jesus
62.2%
P
Robert Pirès
61.5%
Y
Yakubu
60.7%
C
Eric Cantona
60.3%
D
Dion Dublin
57.8%
V
Mark Viduka
57.6%
Y
Ashley Young
56.4%
Y
Luke Young
56.4%
S
Raheem Sterling
56.2%
I
Paul Ince
54.7%
G
Olivier Giroud
53.2%
X
Abel Xavier
52.5%
T
Yaya Touré
51.5%
J
Raúl Jiménez
50.9%
W
Theo Walcott
50.4%
D
Kevin Davies
49.6%
F
Duncan Ferguson
49.4%
H
Mark Hughes
48.9%
K
Harry Kewell
48.7%
N
Kevin Nolan
48.7%
A
Gabriel Agbonlahor
48.5%
F
Roberto Firmino
48.2%
T
John Terry
48.2%
B
James Beattie
47.4%
B
Christian Benteke
46.7%
Z
Wilfried Zaha
46.5%
M
Sadio Mané
46.2%
C
Kevin Campbell
45.8%
L
Alexandre Lacazette
45.3%
K
Kanu
45.1%
H
Eden Hazard
43.2%
U
David Unsworth
43.1%
K
Joshua King
41.7%
G
Eiður Guðjohnsen
41.4%
X
Granit Xhaka
41.4%
R
Ian Rush
39.7%
M
James Milner
39.3%
E
Jason Euell
38.1%
Z
Bobby Zamora
35.6%
O
Mesut Özil
34.9%
E
Efan Ekoku
34.2%
M
Riyad Mahrez
34.2%
F
Steven Fletcher
33.8%
Initial
Player
% Correct
U
Matthew Upson
32.8%
E
Christian Eriksen
32.6%
N
Mark Noble
32.6%
M
Anthony Martial
32.5%
E
Robbie Earle
31.3%
V
Darius Vassell
30.4%
A
Chris Armstrong
29.9%
M
Juan Mata
29.9%
W
Danny Welbeck
29.1%
Y
Anthony Yeboah
28.7%
I
Danny Ings
28.4%
D
Brian Deane
28.2%
I
Steffen Iversen
27.9%
W
Callum Wilson
27.7%
L
Shane Long
27.5%
R
Marcus Rashford
26.7%
I
Muzzy Izzet
26.2%
U
Leonardo Ulloa
25.6%
C
Tony Cottee
25.5%
P
Gustavo Poyet
25.1%
P
Marian Pahars
23.2%
O
Leon Osman
22.2%
G
Kevin Gallacher
21.9%
Z
Boudewijn Zenden
20.5%
N
Samir Nasri
20%
O
Peter Odemwingie
19.8%
X
Xisco
19.8%
T
Matthew Taylor
19%
W
Chris Wood
19%
Q
Nigel Quashie
18.8%
R
Richarlison
18.3%
Q
Franck Queudrue
17.9%
J
Julian Joachim
17.4%
J
Diogo Jota
16.1%
U
John Utaka
15.4%
P
Ayoze Pérez
13.7%
N
Peter Ndlovu
13.2%
O
Egil Østenstad
12.3%
I
Kelechi Iheanacho
12.1%
Z
Christian Ziege
12%
N
Charles N'Zogbia
10.6%
E
Matt Elliott
9.7%
U
Robert Ullathorne
7.4%
Quiz Playlist
Details
Report
Send in Message
Add To Playlist
More Info:
*Stats correct as of the end of the 2021-22 season.
Classic:
Type in answers that appear in a list
Last Updated: May 28, 2022
Quiz Scoreboard
CHALLENGE
Sign Up to Join the Scoreboard
Show All
Scores
Hide
Comments
May contain spoilers
Recently Published
5x2 Blitz: Bands
by SL_Kpop136
Music
30s
Colored Red Africa Blitz
by spor1
Geography
30s
Find the 'City' Movie
by crazypaving
Movies
60s
More to Explore
Quiz From the Vault
Featured Blog Post
14 Easter Pick-up Lines to Find Eggs With
hide this ad
You Might Also Like...
Tags
Football Quiz
Soccer Quiz
By Letter
By Letters
English Soccer
Footballer
Goal Scorers
Surname
Top 5
Top Goalscorers
Today's Top Quizzes in Sports
Browse Sports
hide this ad
Today's Top Quizzes in Soccer
Browse Soccer
Top Contributed Quizzes in Sports
1
Players with Multiple 50 Home Run Seasons
2
Criteria MLB: Left Handed Sluggers
3
MLB Players with Two .350 Batting Average Seasons
4
Who Hit More Homers?
5
Premier League Clubs since 2000 (minefield)
6
Who Needs Fielders?
7
2020 F1 Drivers Logic Puzzle
8
Les entraîneurs de l'OM et du PSG au 21e siècle
9
Top 10 NHL Goal Scorers of All Time
10
MLB Hall of Famer by Rings
Explore More
Trending Topics
Anime
Disney
Kpop
Crossword
Marvel
NBA
Harry Potter
WWE
NFL
Song
The Office
Country
Soccer
Pokémon
Puzzle
hide this ad
More By:
heusie
Quiz
Plays
Rating
Category
Featured
Created
Did They Play for Liverpool?
163,835
4.14
Sports
May 24, 2015
Did They Play for Manchester United?
66,727
4.42
Sports
Aug 30, 2015
Did They Play in the United States?
17,851
4.51
Sports
Jun 11, 2019
Multiple Choice: Football (Soccer) Trophy Winners
14,937
4.64
Sports
Jan 13, 2017
Gaming by Subcategory: C
13,609
4.47
Gaming
Apr 5, 2021
Go to Creator's Profile
Score Distribution
Quiz Creator Spotlight
heusie
Follow
Send a Message
Quizzes Created
-
Created Quiz Play Count
-
More By This Creator
Popular Quizzes Today
1
Find the 'City' Movie
2
Colored Red Africa Blitz
3
Find the US States - No Outlines Minefield
4
5x2 Blitz: Bands
5
The Countries of the World
6
Find the US States
7
US States
8
9x9 Crossword: Cartoon Network
More Sports Quizzes
50 Home Run Season Minefield
Published
Trending Quizzes
Colored Red Europe Blitz I
Colored Red Africa Blitz II
Colored Red Europe Blitz II
Colored Red Europe Blitz III
Colored Red Africa Blitz III
Recently Updated
Famous TV Couples
Peacemaker
Champions League XIs: Real Madrid
pecheneg
Largest US Cities 1790-2010
pecheneg
Rides in Walt Disney World
pecheneg
Most Oscar Losses (Acting)
pecheneg
Beyoncé Albums
pecheneg
Leaping Animals
pecheneg
Reality TV Shows (A-Z)
bhenderson79
Rickey Henderson's Hall of Fame Teammates
pecheneg
Champions League XIs: Arsenal
pecheneg
Trending Topics
NBA
Disney
Anime
Kpop
Harry Potter
Crossword
Marvel
Country
WWE
Pokémon
Soccer
Puzzle
Song
The Office
NFL
Your Account Isn't Verified!
In order to create a playlist on Sporcle, you need to verify the email address you used during registration. Go to your
Sporcle Settings
to finish the process.
Report this User
Report this user for behavior that violates our
Community Guidelines
.
Details:
Send Report
Go to the Sporcle.com Mobile Site →
Comments